Statistics for U.S. President Surnames With 9 Or More Letters

Click here to take the quiz!

General Stats

  • This quiz has been taken 46 times
  • The average score is 5 of 6

Answer Stats

President% Correct
Franklin D. Roosevelt
100%
Theodore Roosevelt
100%
George Washington
93%
Thomas Jefferson
88%
Dwight D. Eisenhower
85%
Grover Cleveland
51%

Score Distribution

Percentile by Number Answered

Percent of People with Each Score

Your Score History

You have not taken this quiz